LIBRARY & INFORMATION CENTRE, KCAET, TAVANUR

ONLINE PUBLIC ACCESS CATALOGUE (OPAC)

Managing canal irrigation: Practical analysis from South Asia / (Record no. 1367)

MARC details
000 -LEADER
fixed length control field 00627cam a2200229ua 4500
020 ## - INTERNATIONAL STANDARD BOOK NUMBER
ISBN 81-204-0288-X
041 ## - LANGUAGE CODE
Language code of text/sound track or separate title eng
082 ## - DEWEY DECIMAL CLASSIFICATION NUMBER
Classification number 631.5874
Item number CHA/MA
100 ## - MAIN ENTRY--AUTHOR NAME
Personal name Chambers, Robert .
245 ## - TITLE STATEMENT
Title Managing canal irrigation: Practical analysis from South Asia /
250 ## - EDITION STATEMENT
Edition statement 1 /
260 ## - PUBLICATION, DISTRIBUTION, ETC. (IMPRINT)
Place of publication New Delhi :
Name of publisher Oxford & IBH Publishing company ,
Year of publication 1988.
300 ## - PHYSICAL DESCRIPTION
Number of Pages 279 ; .
942 ## - ADDED ENTRY ELEMENTS (KOHA)
Koha item type Books
Holdings
Withdrawn status Lost status Damaged status Home library Current library Date acquired Full call number Accession Number Koha item type
      KAUAET KAUAET 07/04/2012 631.5874 17715 Books
      KAUAET KAUAET 07/04/2012 631.5874 19100 Books
      KAUAET KAUAET 07/04/2012 631.5874 19099 Books
      KAUAET KAUAET 07/04/2012 631.5874 17714 Books
      KAUAET KAUAET 07/04/2012 631.5874 19101 Books
free website counter